Integrated science

Na minha lista:
Detalhes bibliográficos
Autor principal: Tillery, Bill W
Formato: Livro
Publicado em: McGraw-Hill 2004
Tags: Adicionar Tag
Sem tags, seja o primeiro a adicionar uma tag!
Thư viện lưu trữ: Mạng thư viện Đại học Đà Nẵng
LEADER 00562nam a2200229 a 4500
001 000030110
003 25174
005 20171030145630.0
008 171030s2004
040 |a LTT 
082 0 |a 500  |b TI-B 
100 1 |a Tillery, Bill W 
245 0 0 |a Integrated science  |c Bill W. Tillery, Eldon D. Enger, Frederick C. Ross. 
260 |b McGraw-Hill  |c 2004 
500 |a VSVN 
OWN |a LTT 
999 |a From the UDN01 
TYP |a Monograph 
TYP |a Printed language 
980 |a Mạng thư viện Đại học Đà Nẵng